• 首页
  • 本馆介绍
  • 公告通知
  • 最新文献
  • 馆藏检索
  • 电子资源
  • 读者导购
  • 参考咨询
  • 我的图书馆
  • 登录
  • 详细信息显示
  • 放入我的书架
  • 预约/预借图书
  • 作者相关作品
  • 分类相关作品
  • 丛书相关作品
  • 出版社相关作品

书目信息

  • 表格格式
  • 工作单格式
  • 卡片格式
题名:
简明文学知识辞典
    
 
作者: ;西北师范学院中文系文艺理论教研室 编
分册:  
出版信息: 兰州   甘肃人民出版社  1985
页数: 634页
开本: 19cm
丛书名:
单 册:
中图分类: I-61
科图分类:
主题词: 文学
电子资源:
ISBN:
000 00740nam0 2200241 45
001 0185005554
005 20040424105721.2
010    @dCNY3.80
091    @a10096.359
100    @a19901008d1985 em y0chiy0121 ea
101 0  @achi
102    @aCN@b620000
105    @ay ze 001zy
106    @ar
200 10 @a简明文学知识辞典@Ajian ming wen xue zhi shi ci dian@f西北师范学院中文系文艺理论教研室编
210    @a兰州@c甘肃人民出版社@d1985
215    @a634页@d19cm
606 0  @a文学
690    @aI-61
711 02 @a西北师范学院中文系文艺理论教研室@Axi bei shi fan xue yuan zhong wen xi wen yi li lun jiao yan shi@4编
801  0 @aCN@b深圳图书馆@c20040424
801  2 @aCN@bNLC@c20040424
905    @f4@b255246-249@dI-61@e7@b152930-932@f3
    
    简明文学知识辞典/西北师范学院中文系文艺理论教研室编.-兰州:甘肃人民出版社,1985
    634页;19cm
    
    
    ISBN :CNY3.80
    
●
相关链接 在E读中查询图书 在五车中查询图书 在当当中查询图书 在豆瓣中查询图书


正题名:简明文学知识辞典     索取号:I-61/7         预约/预借

序号 登录号 条形码 馆藏地/架位号 状态 备注
1 0152930   000840175   第二借阅区/ [索取号:I-61/7] 在馆    
2 0152931   000840184   第二借阅区/ [索取号:I-61/7] 在馆    
3 0152932   000840095   第二借阅区/ [索取号:I-61/7] 在馆    
4 0152934   202068369   第一样本阅览室/ [索取号:I-61/7] 在馆    
5 0255246   000840013   第二借阅区/ [索取号:I-61/7] 在馆    
6 0255247   000840148   第二借阅区/ [索取号:I-61/7] 在馆    
7 0255248   000840102   第二借阅区/ [索取号:I-61/7] 在馆    
8 0255249   000840139   第二借阅区/ [索取号:I-61/7] 在馆    
唐山师范学院图书馆 欢迎您!
大连网信软件有限公司© 版权所有